<?xml version="1.0" encoding="UTF-8"?>
<collection xmlns="http://www.loc.gov/MARC21/slim">
 <record>
  <leader>05170cam a2201033   4500</leader>
  <controlfield tag="001">1616060395</controlfield>
  <controlfield tag="003">DE-627</controlfield>
  <controlfield tag="005">20231121174030.0</controlfield>
  <controlfield tag="007">tu</controlfield>
  <controlfield tag="008">120323s2012    xxk|||||      00| ||eng c</controlfield>
  <datafield tag="016" ind1="7" ind2=" ">
   <subfield code="a">015964569</subfield>
   <subfield code="2">UK</subfield>
  </datafield>
  <datafield tag="020" ind1=" " ind2=" ">
   <subfield code="a">1409429261</subfield>
   <subfield code="c">(hbk.) £65.00</subfield>
   <subfield code="9">1-4094-2926-1</subfield>
  </datafield>
  <datafield tag="020" ind1=" " ind2=" ">
   <subfield code="a">9781409429265</subfield>
   <subfield code="c">(hbk.) £65.00</subfield>
   <subfield code="9">978-1-4094-2926-5</subfield>
  </datafield>
  <datafield tag="024" ind1="3" ind2=" ">
   <subfield code="a">9781409429265</subfield>
  </datafield>
  <datafield tag="035" ind1=" " ind2=" ">
   <subfield code="a">(DE-627)1616060395</subfield>
  </datafield>
  <datafield tag="035" ind1=" " ind2=" ">
   <subfield code="a">(DE-576)362420777</subfield>
  </datafield>
  <datafield tag="035" ind1=" " ind2=" ">
   <subfield code="a">(DE-599)BSZ362420777</subfield>
  </datafield>
  <datafield tag="035" ind1=" " ind2=" ">
   <subfield code="a">(OCoLC)815405457</subfield>
  </datafield>
  <datafield tag="035" ind1=" " ind2=" ">
   <subfield code="a">(OCoLC)984898793</subfield>
  </datafield>
  <datafield tag="040" ind1=" " ind2=" ">
   <subfield code="a">DE-627</subfield>
   <subfield code="b">ger</subfield>
   <subfield code="c">DE-627</subfield>
   <subfield code="e">rakwb</subfield>
  </datafield>
  <datafield tag="041" ind1=" " ind2=" ">
   <subfield code="a">eng</subfield>
  </datafield>
  <datafield tag="044" ind1=" " ind2=" ">
   <subfield code="c">XA-GB</subfield>
   <subfield code="c">XD-US</subfield>
  </datafield>
  <datafield tag="050" ind1=" " ind2="0">
   <subfield code="a">N6923.V32</subfield>
  </datafield>
  <datafield tag="082" ind1="0" ind2=" ">
   <subfield code="a">769.94509031</subfield>
  </datafield>
  <datafield tag="082" ind1="0" ind2=" ">
   <subfield code="a">769.9/031</subfield>
   <subfield code="q">LOC</subfield>
   <subfield code="2">23</subfield>
  </datafield>
  <datafield tag="084" ind1=" " ind2=" ">
   <subfield code="a">9,10</subfield>
   <subfield code="a">1</subfield>
   <subfield code="2">ssgn</subfield>
  </datafield>
  <datafield tag="084" ind1=" " ind2=" ">
   <subfield code="a">9,10</subfield>
   <subfield code="2">ssgn</subfield>
  </datafield>
  <datafield tag="084" ind1=" " ind2=" ">
   <subfield code="a">LI 91650</subfield>
   <subfield code="q">OBV</subfield>
   <subfield code="2">rvk</subfield>
   <subfield code="0">(DE-625)rvk/97328:</subfield>
  </datafield>
  <datafield tag="084" ind1=" " ind2=" ">
   <subfield code="a">20.31</subfield>
   <subfield code="2">bkl</subfield>
  </datafield>
  <datafield tag="084" ind1=" " ind2=" ">
   <subfield code="a">21.32</subfield>
   <subfield code="2">bkl</subfield>
  </datafield>
  <datafield tag="084" ind1=" " ind2=" ">
   <subfield code="a">06.21</subfield>
   <subfield code="2">bkl</subfield>
  </datafield>
  <datafield tag="090" ind1=" " ind2=" ">
   <subfield code="a">a</subfield>
  </datafield>
  <datafield tag="100" ind1="1" ind2=" ">
   <subfield code="a">Gregory, Sharon</subfield>
   <subfield code="d">1959-</subfield>
   <subfield code="0">(DE-588)1041735138</subfield>
   <subfield code="0">(DE-627)767770455</subfield>
   <subfield code="0">(DE-576)393455076</subfield>
   <subfield code="4">aut</subfield>
  </datafield>
  <datafield tag="245" ind1="1" ind2="0">
   <subfield code="a">Vasari and the Renaissance print</subfield>
   <subfield code="c">Sharon Gregory</subfield>
  </datafield>
  <datafield tag="264" ind1=" " ind2="1">
   <subfield code="a">Farnham [u.a.]</subfield>
   <subfield code="b">Ashgate</subfield>
   <subfield code="c">2012</subfield>
  </datafield>
  <datafield tag="300" ind1=" " ind2=" ">
   <subfield code="a">XVIII, 427 S., [6] Bl.</subfield>
   <subfield code="b">zahlr. Ill.</subfield>
   <subfield code="c">25 cm</subfield>
  </datafield>
  <datafield tag="336" ind1=" " ind2=" ">
   <subfield code="a">Text</subfield>
   <subfield code="b">txt</subfield>
   <subfield code="2">rdacontent</subfield>
  </datafield>
  <datafield tag="337" ind1=" " ind2=" ">
   <subfield code="a">ohne Hilfsmittel zu benutzen</subfield>
   <subfield code="b">n</subfield>
   <subfield code="2">rdamedia</subfield>
  </datafield>
  <datafield tag="338" ind1=" " ind2=" ">
   <subfield code="a">Band</subfield>
   <subfield code="b">nc</subfield>
   <subfield code="2">rdacarrier</subfield>
  </datafield>
  <datafield tag="490" ind1="0" ind2=" ">
   <subfield code="a">Visual culture in early modernity</subfield>
  </datafield>
  <datafield tag="500" ind1=" " ind2=" ">
   <subfield code="a">Includes bibliographical references and index</subfield>
  </datafield>
  <datafield tag="505" ind1="8" ind2="0">
   <subfield code="a">Vasari and the history of printmaking -- Vasari and the illustrated book -- Vasari's use of prints as aides-mémoires -- Prints in the artist's workshop -- Vasari, prints and imitation -- Prints after Vasari's designs.</subfield>
  </datafield>
  <datafield tag="520" ind1=" " ind2=" ">
   <subfield code="a">Vasari and the history of printmaking -- Vasari and the illustrated book -- Vasari's use of prints as aides-mémoires -- Prints in the artist's workshop -- Vasari, prints and imitation -- Prints after Vasari's designs</subfield>
  </datafield>
  <datafield tag="600" ind1="1" ind2="0">
   <subfield code="a">Vasari, Giorgio</subfield>
   <subfield code="d">1511-1574</subfield>
   <subfield code="x">Criticism and interpretation</subfield>
  </datafield>
  <datafield tag="650" ind1=" " ind2="0">
   <subfield code="a">Prints, Renaissance</subfield>
   <subfield code="z">Italy</subfield>
  </datafield>
  <datafield tag="650" ind1=" " ind2="0">
   <subfield code="a">Prints</subfield>
   <subfield code="x">Social aspects</subfield>
   <subfield code="z">Italy</subfield>
  </datafield>
  <datafield tag="653" ind1=" " ind2="4">
   <subfield code="a">Vasari, Giorgio, 1511-1574</subfield>
   <subfield code="a">Criticism and interpretation</subfield>
  </datafield>
  <datafield tag="653" ind1=" " ind2="4">
   <subfield code="a">Prints, Renaissance</subfield>
  </datafield>
  <datafield tag="653" ind1=" " ind2="4">
   <subfield code="a">Art historians</subfield>
   <subfield code="a">Italy</subfield>
   <subfield code="a">History</subfield>
   <subfield code="a">16th century</subfield>
  </datafield>
  <datafield tag="653" ind1=" " ind2="4">
   <subfield code="a">Art, Renaissance</subfield>
   <subfield code="a">Italy</subfield>
  </datafield>
  <datafield tag="689" ind1="0" ind2="0">
   <subfield code="d">p</subfield>
   <subfield code="0">(DE-588)118626213</subfield>
   <subfield code="0">(DE-627)133894010</subfield>
   <subfield code="0">(DE-576)163397686</subfield>
   <subfield code="a">Vasari, Giorgio</subfield>
   <subfield code="d">1511-1574</subfield>
   <subfield code="2">gnd</subfield>
  </datafield>
  <datafield tag="689" ind1="0" ind2="1">
   <subfield code="d">g</subfield>
   <subfield code="0">(DE-588)4027833-5</subfield>
   <subfield code="0">(DE-627)106283235</subfield>
   <subfield code="0">(DE-576)208972501</subfield>
   <subfield code="a">Italien</subfield>
   <subfield code="2">gnd</subfield>
  </datafield>
  <datafield tag="689" ind1="0" ind2="2">
   <subfield code="d">s</subfield>
   <subfield code="0">(DE-588)4113357-2</subfield>
   <subfield code="0">(DE-627)104279680</subfield>
   <subfield code="0">(DE-576)20947582X</subfield>
   <subfield code="a">Druckgrafik</subfield>
   <subfield code="2">gnd</subfield>
  </datafield>
  <datafield tag="689" ind1="0" ind2="3">
   <subfield code="a">z</subfield>
   <subfield code="2">gnd</subfield>
   <subfield code="a">Geschichte 1420-1600</subfield>
  </datafield>
  <datafield tag="689" ind1="0" ind2=" ">
   <subfield code="5">(DE-627)</subfield>
  </datafield>
  <datafield tag="689" ind1="1" ind2="0">
   <subfield code="d">p</subfield>
   <subfield code="0">(DE-588)118626213</subfield>
   <subfield code="0">(DE-627)133894010</subfield>
   <subfield code="0">(DE-576)163397686</subfield>
   <subfield code="a">Vasari, Giorgio</subfield>
   <subfield code="d">1511-1574</subfield>
   <subfield code="2">gnd</subfield>
  </datafield>
  <datafield tag="689" ind1="1" ind2="1">
   <subfield code="d">s</subfield>
   <subfield code="0">(DE-588)4113357-2</subfield>
   <subfield code="0">(DE-627)104279680</subfield>
   <subfield code="0">(DE-576)20947582X</subfield>
   <subfield code="a">Druckgrafik</subfield>
   <subfield code="2">gnd</subfield>
  </datafield>
  <datafield tag="689" ind1="1" ind2=" ">
   <subfield code="5">(DE-627)</subfield>
  </datafield>
  <datafield tag="689" ind1="2" ind2="0">
   <subfield code="d">p</subfield>
   <subfield code="0">(DE-588)118626213</subfield>
   <subfield code="0">(DE-627)133894010</subfield>
   <subfield code="0">(DE-576)163397686</subfield>
   <subfield code="a">Vasari, Giorgio</subfield>
   <subfield code="d">1511-1574</subfield>
   <subfield code="2">gnd</subfield>
  </datafield>
  <datafield tag="689" ind1="2" ind2="1">
   <subfield code="d">s</subfield>
   <subfield code="0">(DE-588)4113357-2</subfield>
   <subfield code="0">(DE-627)104279680</subfield>
   <subfield code="0">(DE-576)20947582X</subfield>
   <subfield code="a">Druckgrafik</subfield>
   <subfield code="2">gnd</subfield>
  </datafield>
  <datafield tag="689" ind1="2" ind2="2">
   <subfield code="d">s</subfield>
   <subfield code="0">(DE-588)4123412-1</subfield>
   <subfield code="0">(DE-627)104516488</subfield>
   <subfield code="0">(DE-576)209559519</subfield>
   <subfield code="a">Illustration</subfield>
   <subfield code="2">gnd</subfield>
  </datafield>
  <datafield tag="689" ind1="2" ind2=" ">
   <subfield code="5">(DE-627)</subfield>
  </datafield>
  <datafield tag="700" ind1="1" ind2=" ">
   <subfield code="a">Vasari, Giorgio</subfield>
   <subfield code="d">1511-1574</subfield>
   <subfield code="e">Ill.</subfield>
   <subfield code="0">(DE-588)118626213</subfield>
   <subfield code="0">(DE-627)133894010</subfield>
   <subfield code="0">(DE-576)163397686</subfield>
   <subfield code="4">ill</subfield>
  </datafield>
  <datafield tag="787" ind1="0" ind2="8">
   <subfield code="i">Rezensiert in</subfield>
   <subfield code="a">Nova, Alessandro, 1954 - </subfield>
   <subfield code="t">Schriften von Alessandro Nova ; 60: [Rezension von: Sharon Gregory, Vasari and the Renaissance print]</subfield>
   <subfield code="d">Heidelberg : Universitätsbibliothek Heidelberg, 2017</subfield>
   <subfield code="h">1 Online-Ressource</subfield>
   <subfield code="w">(DE-627)1564856143</subfield>
   <subfield code="w">(DE-576)494856149</subfield>
  </datafield>
  <datafield tag="787" ind1="0" ind2="8">
   <subfield code="i">Rezensiert in</subfield>
   <subfield code="a">Reifenscheid, Beate, 1961 - </subfield>
   <subfield code="t">[Rezension von: Sharon Gregory, Vasari and the Renaissance print]</subfield>
   <subfield code="d">2015</subfield>
   <subfield code="w">(DE-627)1796259292</subfield>
  </datafield>
  <datafield tag="787" ind1="0" ind2="8">
   <subfield code="i">Rezensiert in</subfield>
   <subfield code="a">Kulpa, Pierette</subfield>
   <subfield code="t">[Rezension von: Gregory, Sharon, Vasari and the Renaissance Print]</subfield>
   <subfield code="d">2013</subfield>
   <subfield code="w">(DE-627)1802429905</subfield>
  </datafield>
  <datafield tag="787" ind1="0" ind2="8">
   <subfield code="i">Rezensiert in</subfield>
   <subfield code="a">Burioni, Matteo, 1972 - </subfield>
   <subfield code="t">Vasaris Rahmensysteme</subfield>
   <subfield code="d">2013</subfield>
   <subfield code="w">(DE-627)1870785371</subfield>
  </datafield>
  <datafield tag="856" ind1="4" ind2="2">
   <subfield code="u">https://swbplus.bsz-bw.de/bsz362420777inh.htm</subfield>
   <subfield code="m">B:DE-576;DE-16</subfield>
   <subfield code="q">application/pdf</subfield>
   <subfield code="v">20120802121407</subfield>
   <subfield code="x">Verlag</subfield>
   <subfield code="3">Inhaltsverzeichnis</subfield>
  </datafield>
  <datafield tag="856" ind1="4" ind2="2">
   <subfield code="u">https://swbplus.bsz-bw.de/bsz362420777rez.htm</subfield>
   <subfield code="m">B:DE-576;DE-16</subfield>
   <subfield code="q">application/pdf</subfield>
   <subfield code="v">20150622133128</subfield>
   <subfield code="x">Verlag</subfield>
   <subfield code="3">Rezension</subfield>
  </datafield>
  <datafield tag="856" ind1="4" ind2="2">
   <subfield code="u">http://www.sehepunkte.de/2015/06/22138.html</subfield>
   <subfield code="m">V:DE-576;X:Sehepunkte</subfield>
   <subfield code="q">text/html</subfield>
   <subfield code="v">20180417100645</subfield>
   <subfield code="3">Rezension</subfield>
  </datafield>
  <datafield tag="889" ind1=" " ind2=" ">
   <subfield code="w">(DE-627)666139296</subfield>
  </datafield>
  <datafield tag="935" ind1=" " ind2=" ">
   <subfield code="i">mdedup</subfield>
  </datafield>
  <datafield tag="935" ind1=" " ind2=" ">
   <subfield code="i">sf</subfield>
  </datafield>
  <datafield tag="936" ind1="r" ind2="v">
   <subfield code="a">LI 91650</subfield>
   <subfield code="b">Vasari, Giorgio</subfield>
   <subfield code="k">Künstler-Monografien</subfield>
   <subfield code="k">Alphabetische Künstlerliste</subfield>
   <subfield code="k">Künstler V</subfield>
   <subfield code="k">Vasari, Giorgio</subfield>
   <subfield code="0">(DE-627)1271166070</subfield>
   <subfield code="0">(DE-625)rvk/97328:</subfield>
   <subfield code="0">(DE-576)201166070</subfield>
  </datafield>
  <datafield tag="936" ind1="b" ind2="k">
   <subfield code="a">20.31</subfield>
   <subfield code="j">Bildende Künstler</subfield>
   <subfield code="0">(DE-627)181571080</subfield>
  </datafield>
  <datafield tag="936" ind1="b" ind2="k">
   <subfield code="a">21.32</subfield>
   <subfield code="j">Geschichte der Graphik</subfield>
   <subfield code="0">(DE-627)106405756</subfield>
  </datafield>
  <datafield tag="936" ind1="b" ind2="k">
   <subfield code="a">06.21</subfield>
   <subfield code="j">Buchgeschichte</subfield>
   <subfield code="0">(DE-627)106403605</subfield>
  </datafield>
  <datafield tag="951" ind1=" " ind2=" ">
   <subfield code="a">BO</subfield>
  </datafield>
  <datafield tag="990" ind1=" " ind2=" ">
   <subfield code="a">Vasari, Giorgio</subfield>
  </datafield>
  <datafield tag="990" ind1=" " ind2=" ">
   <subfield code="a">Italien</subfield>
  </datafield>
  <datafield tag="990" ind1=" " ind2=" ">
   <subfield code="a">Druckgrafik</subfield>
  </datafield>
  <datafield tag="990" ind1=" " ind2=" ">
   <subfield code="a">Geschichte 1420-1600</subfield>
  </datafield>
  <datafield tag="990" ind1=" " ind2=" ">
   <subfield code="a">Vasari, Giorgio</subfield>
  </datafield>
  <datafield tag="990" ind1=" " ind2=" ">
   <subfield code="a">Druckgrafik</subfield>
  </datafield>
  <datafield tag="990" ind1=" " ind2=" ">
   <subfield code="a">Vasari, Giorgio</subfield>
  </datafield>
  <datafield tag="990" ind1=" " ind2=" ">
   <subfield code="a">Druckgrafik</subfield>
  </datafield>
  <datafield tag="990" ind1=" " ind2=" ">
   <subfield code="a">Illustration</subfield>
  </datafield>
  <datafield tag="991" ind1=" " ind2=" ">
   <subfield code="a">Rezensiertes Werk</subfield>
  </datafield>
  <datafield tag="999" ind1=" " ind2=" ">
   <subfield code="a">KXP-PPN1616060395</subfield>
   <subfield code="e">4182950887</subfield>
  </datafield>
 </record>
</collection>
